00759nam a2200217Ia 450000500170000000800410001702000180005804100080007608200170008410000200010124501010012126000350022230000090025750000120026665000190027870000490029790600080034694200070035499900170036195201630037820230416050129.0230125s9999 xx 000 0 und d a0-07-060113-5 aeng a005.133bLON aLoney K9111863 aOracle Database 10g DBA HandbookbManage a Robust, Scalable and Highly Available Oracle Database c2006bTata Mcgraw HillaU.S.A. a718p aOracle  aOracle9181062 aLoney K; Mrs. Saraf, Donor & Bryla B9115999 b225 cBK c93723d93723 02104070aHIMRbHIMRd2015-06-24eDonated Book- Outside Donarg450.00o005.133 LON DB2139pHIMR-DB-2139r2023-01-25 00:00:00v225.00w2023-01-25yDBzDB2139